Statistiques concernant Culture Générale - Série 1434

Cliquez ici pour prendre le quiz!

Statistiques générales

  • Ce quiz a été pris 75 fois
  • Le résultat moyen est 6 sur 10

Statistiques - réponses

Question Réponse % Correct
Quel fleuve africain traverse la ville du Caire ?Nil
94%
De quel pays la Tasmanie est-elle un État ?Australie
91%
Selon le titre d'un album de Tintin, à qui appartiennent "les bijoux" ?La Castafiore
86%
D'après le titre d'une bande dessinée d'Hergé, de quel navire Tintin cherche-t-il à percer le secret ?La Licorne
76%
Quelle ville, chef-lieu du département de l'Yonne, abrite la cathédrale Saint-Étienne ?Auxerre
59%
Complétez ce titre d'un roman de Tom Wolfe, paru en 1987 : "Le Bûcher des...Vanités
51%
Dans quelle partie médiévale de l'actuel Palais de justice de Paris, Marie-Antoinette fut-elle emprisonnée à partir d'août 1793 ?Conciergerie
39%
Marquant les débuts de la presse en France, quel médecin et journaliste a créé "La Gazette” en 1631, puis donné son nom à un prix littéraire fondé en 1925 ?Théophraste Renaudot
37%
En 2007, quel acteur a interprété le rôle principal des films : "Next" et "Ghost Rider" ?Nicolas Cage
33%
Quel compositeur français a écrit, en 1899 : "Pavane pour une infante défunte" ?Maurice Ravel
19%

Distribution des résultats

Percentile par nombre de réponses

% des personnes avec chaque résultat

Votre développement - résultats

Vous n’avez pas pris ce quiz